000 00261nam a22001097a 4500
008 180801b xxu||||| |||| 00| 0 eng d
082 _a813.52
245 _aAnd the Case of the Missing Kelp Seedi
_cFish,F
260 _c1996
300 _a1
_fCD
942 _2ddc
_cMX
999 _c46697
_d46697